000 00623nam a2200241Ia 4500
003 OSt
005 20221005120640.0
006 a|||||r|||| 00| 0
007 ta
008 221004b |||||||| |||| 00| 0 eng d
024 _a54011
037 _cTextual
040 _aCRL
_cCRL
_beng
041 _2eng
_aeng
082 _aR635, 122J6
100 _aMonchanin J etc.
_9629468
245 0 _aEntretiens 1955.
260 _c1956
490 _aPublication de I'institut Francais d'indologie; 4
650 _aPHILOSOPHY
942 _hR635, 122J6
_cTEXL
_2cc
999 _c1038680
_d1038680